Statistics for Every Celebrity On Family Guy

Click here to take the quiz!

General Stats

  • This quiz has been taken 14 times
  • The average score is 11 of 140

Answer Stats

HintAnswer% Correct
Season 18Daymond John
60%
Season 5Bill Clinton
50%
Season 10George W Bush
50%
Season 14Jeb Bush
50%
Season 9Barack Obama
40%
Season 17Donald Trump
40%
Season 17Ivanka Trump
40%
Season 2Luke Perry
40%
Season 4Tom Brady
40%
Season 14Tom Cruise
40%
Season 11Brian Williams
30%
Season 9Drew Carey
30%
Season 8Elijah Wood
30%
Season 4James Woods
30%
Season 12Mario Williams
30%
Season 7OJ Simpson
30%
Season 15Rob Gronkowski
30%
Season 15Taylor Swift
30%
Season 4Betty White
20%
Season 20Chris Hemsworth
20%
Season 4Frank Sinatra Jr
20%
Season 3Gene Simmons
20%
Season 14George R.R. Martin
20%
Season 11Justin Bieber
20%
Season 3Justin Timberlake
20%
Season 22Kevin James
20%
Season 7Michael Moore
20%
Season 15Stephen Curry
20%
Season 3Ace Frehley
10%
Season 16Alec Baldwin
10%
Season 3Bill Cosby
10%
Season 12Bryan Cranston
10%
Season 8Chevy Chase
10%
Season 7Fred Savage
10%
Season 21Joe Rogan
10%
Season 13Liam Neeson
10%
Season 16Louis C.K.
10%
Season 21Meg Ryan
10%
Season 4Mel Gibson
10%
Season 3Paul Stanley
10%
Season 3Peter Criss
10%
Season 2Phillip Seymour Hoffman
10%
Season 20Reese Witherspoon
10%
Season 7Rush Limbaugh
10%
Season 10Ryan Reynolds
10%
Season 1William Shatner
10%
Season 12Adam Levine
0%
Season 14Anil Kapoor
0%
Season 10Anna Paquin
0%
Season 11Anne Murray
0%
Season 12Ann Wilson
0%
Season 9Arianna Huffington
0%
Season 16Asa Akira
0%
Season 2Ashley Olsen
0%
Season 18Barbara Corcoran
0%
Season 9Bill Maher
0%
Season 11Bob Costas
0%
Season 11Carly Simon
0%
Season 12Carrie Underwood
0%
Season 8Charlie Sheen
0%
Season 9Cheryl Tiegs
0%
Season 22Chris Daughtry
0%
Season 15Chris Gronkowski
0%
Season 22Chris Hansen
0%
Season 3Chris Kirkpatrick
0%
Season 20Chris Pine
0%
Season 11Christine Baranski
0%
Season 12C.J. Spiller
0%
Season 12Conan O'Brien
0%
Season 12Connie Britton
0%
Season 4Corey Haim
0%
Season 18Daisy Fuentes
0%
Season 9Dana Gould
0%
Season 8Dan Aykroyd
0%
Season 15Dan Gronkowski
0%
Season 22Danny DeVito
0%
Season 9David Boreanaz
0%
Season 15David Spade
0%
Season 12Dennis Farina
0%
Season 11Dick Wolf
0%
Season 2Fran Drescher
0%
Season 22George Wendt
0%
Season 15Glenn Gronkowski
0%
Season 15Gordon Gronkowski
0%
Season 5Gore Vidal
0%
Season 20Gwendoline Christie
0%
Season 21Helen Hunt
0%
Season 8Hugh Laurie
0%
Season 3JC Chasez
0%
Season 12Jeff Daniels
0%
Season 12Jeff Garlin
0%
Season 10Jeff Ross
0%
Season 22Jenna Elfman
0%
Season 3Jennifer Love Hewitt
0%
Season 4Jimmy Fallon
0%
Season 11J.J. Abrams
0%
Season 3Joey Fatone
0%
Season 10John Madden
0%
Season 11Jon Hamm
0%
Season 16Julie Bowen
0%
Season 22Keith Morrison
0%
Season 18Kevin O'Leary
0%
Season 3Lance Bass
0%
Season 7Lauren Conrad
0%
Season 14Liam Payne
0%
Season 18Lori Greiner
0%
Season 14Louis Tomlinson
0%
Season 11Mark Burnett
0%
Season 18Mark Cuban
0%
Season 2Mary Kate Olsen
0%
Season 8Miley Cyrus
0%
Season 12Nancy Wilson
0%
Season 6Nathan Lane
0%
Season 11Nick Cannon
0%
Season 11Padma Lakshmi
0%
Season 20Paul Giamatti
0%
Season 21Paul Reiser
0%
Season 8Richard Dreyfuss
0%
Season 12Rick Springfield
0%
Season 18Robert Herjavec
0%
Season 11Robert Loggia
0%
Season 7Rob Lowe
0%
Season 11Sandra Bernhard
0%
Season 22Sarah Koenig
0%
Season 17Sarah Paulson
0%
Season 11Sharon Osbourne
0%
Season 10Shelley Duvall
0%
Season 16Shonda Rhimes
0%
Season 14Simon Cowell
0%
Season 16Sofia Vergara
0%
Season 8Tiffani Thiessen
0%
Season 11Tim Gunn
0%
Season 2Tom Arnold
0%
Season 22Tom Selleck
0%
Season 22Tony Danza
0%
Season 17Tony Robbins
0%
Season 13Tony Sirico
0%
Season 22Traylor Howard
0%
Season 16Ty Burrell
0%
Season 22Zach Braff
0%

Score Distribution

Percentile by Number Answered

Percent of People with Each Score

Your Score History

You have not taken this quiz